000 00438nam a2200145Ia 4500
008 220216s9999 xx 000 0 und d
100 _aYoon P K
245 0 _aValue of deep planting in Hevea cultivation
260 _bProceedings of the International Rubber Conference, Kuala Lumpur, Malaysia, V.3. 1985; p578-609
650 _aDeep planting
650 _aHevea cultivation
700 _aLeong S K
700 _aOoi C B
942 _cJS
999 _c72060
_d72060